| 000 -CABECERA |
| campo de control de longitud fija |
01301nam a2200313 a 4500 |
| 001 - NÚMERO DE CONTROL |
| campo de control |
000024763 |
| 005 - FECHA Y HORA DE LA ÚLTIMA TRANSACCIÓN |
| campo de control |
20200120222106.0 |
| 008 - DATOS DE LONGITUD FIJA--INFORMACIÓN GENERAL |
| campo de control de longitud fija |
030924s2002 sp a er 000 p spa d |
| 020 ## - NÚMERO INTERNACIONAL ESTÁNDAR DEL LIBRO |
| Número Internacional Estándar del Libro |
8437607252 |
| 090 ## - LOCALMENTE ASIGNADO TIPO-LC NÚMERO DE CLASIFICACIÓN (OCLC); NÚMERO DE CLASIFICACIÓN LOCAL (RLIN) |
| Número de clasificación (OCLC) (R) ; Numero de clasificación, CALL (RLIN) (NR) |
AP |
| Número cutter local (OCLC) ; Número de libro/Signatura topográfica íntegra, CALL (RLIN) |
GARFEpo |
| 100 0# - ENTRADA PRINCIPAL--NOMBRE DE PERSONA |
| Nombre de persona |
García Lorca, Federico |
| 245 10 - MENCIÓN DE TÍTULO |
| Título |
Poeta en Nueva York / |
| Mención de responsabilidad, etc. |
Federico García Lorca : edición de María Clementa Millán. |
| 250 ## - MENCIÓN DE EDICIÓN |
| Mención de edición |
11a. ed. |
| 260 ## - PUBLICACIÓN, DISTRIBUCIÓN, ETC. |
| Lugar de publicación, distribución, etc. |
Madrid : |
| Nombre del editor, distribuidor, etc. |
Cátedra, |
| Fecha de publicación, distribución, etc. |
2002. |
| 300 ## - DESCRIPCIÓN FÍSICA |
| Extensión |
278 p. : |
| Otras características físicas |
il. |
| 490 ## - MENCIÓN DE SERIE |
| Mención de serie |
Letras Hispánicas |
| Designación de volumen o secuencia |
260 |
| 500 ## - NOTA GENERAL |
| Nota general |
Ej. 1 de Biblioparque Funza: 14a. ed. de 2006. |
| 500 ## - NOTA GENERAL |
| Nota general |
Ejs. 3 al 5 de Bibliotecas Chicala, Ceic : 14a. ed. de 2006, Plan Lector 2008. |
| 500 ## - NOTA GENERAL |
| Nota general |
Ej. 1 de Biblioteca Icef : 14a ed. de 2006, Plan Lector 2008. |
| 500 ## - NOTA GENERAL |
| Nota general |
Ejs. 3 al 8 de Biblioparque de Funza : 14a ed. de 2006, pertenecen a la colección Maletines Viajeros, 2013. |
| -- |
Ej.1, 2 y 3 de Biblioteca de Mosquera 15a. ed. 2008, ISBN : 8437607252 |
| 650 17 - PUNTO DE ACCESO ADICIONAL DE MATERIA--TÉRMINO DE MATERIA |
| Término de materia o nombre geográfico como elemento de entrada |
Poesía adulto. |
| Fuente del encabezamiento o término |
LEMB |
| 650 27 - PUNTO DE ACCESO ADICIONAL DE MATERIA--TÉRMINO DE MATERIA |
| Término de materia o nombre geográfico como elemento de entrada |
Literatura adulto. |
| Fuente del encabezamiento o término |
LEMB |
| 650 27 - PUNTO DE ACCESO ADICIONAL DE MATERIA--TÉRMINO DE MATERIA |
| Término de materia o nombre geográfico como elemento de entrada |
Literatura española. |
| Fuente del encabezamiento o término |
LEMB |
| 650 27 - PUNTO DE ACCESO ADICIONAL DE MATERIA--TÉRMINO DE MATERIA |
| Término de materia o nombre geográfico como elemento de entrada |
Poesía española |
| Subdivisión cronológica |
Siglo XX. |
| Fuente del encabezamiento o término |
LEMB |
| 650 27 - PUNTO DE ACCESO ADICIONAL DE MATERIA--TÉRMINO DE MATERIA |
| Término de materia o nombre geográfico como elemento de entrada |
Poetas españoles. |
| Fuente del encabezamiento o término |
LEMB |
| 651 #7 - PUNTO DE ACCESO ADICIONAL DE MATERIA--NOMBRE GEOGRÁFICO |
| Nombre geográfico |
Nueva York en la literatura. |
| Fuente del encabezamiento o término |
LEMB |
| 700 1# - PUNTO DE ACCESO ADICIONAL--NOMBRE DE PERSONA |
| Nombre de persona |
Millan, María Clementa, |
| Término indicativo de función/relación |
ed. |
| 901 ## - ELEMENTOS DE DATOS A LOCAL LDA (RLIN) |
| a |
Compra, Distribuidora Colsubsidio, 2008, $29.050 |